aespa Music Show Wins - Statistics

General Stats
  • This quiz has been taken 102 times
  • The average score is 12 of 15
Answer Stats
Hint Answer % Correct
Drama Yes
93%
Supernova Yes
93%
Armageddon Yes
93%
Whiplash Yes
91%
Spicy Yes
90%
Savage Yes
84%
Forever No
80%
Life's Too Short (Korean Ver.) No
80%
Black Mamba Yes
80%
Girls Yes
72%
UP (KARINA solo) Yes
70%
Dreams Come True No
67%
Illusion No
65%
Better Things No
61%
Next Level No
36%
No matching quizzes found
Score Distribution
Percent of People with Each Score
Percentile by Number Answered
Your Score History
You have not taken this quiz